| 000 | 00407nam a2200157Ia 4500 | ||
|---|---|---|---|
| 008 | 230917s9999||||xx |||||||||||||| ||und|| | ||
| 040 |
_e200287 _aMAIN |
||
| 041 | _aEnglish | ||
| 082 | _a338.4791 N312A | ||
| 100 | _aNegi, Jagmohan | ||
| 245 | 0 | _aAdventure tourism and sports risk and challenges. 2 Parts | |
| 250 | _a2nd ed. | ||
| 260 |
_aNew Delhi _bKanishka _c2010 |
||
| 300 | _a742 p. | ||
| 942 | _cBK | ||
| 999 |
_c143471 _d143471 |
||